000 00711nam a2200289Ia 4500
005 20260324150729.0
008 008 260324s9999 xx 000 0 eng d
020 _a9781315738208
037 _aEBOOK
040 _aCRL
040 _beng
040 _cCRL
041 _2eng
041 _aeng
084 _qCRL
100 _aWilliam H. Beveridge
_91161303
245 0 _aVoluntary Action (Works of William H. Beveridge)
245 2 _bA Report on Methods of Social Advance
260 _bTaylor and Francis
260 _c1948
365 _a
365 _b265
856 _uhttp://www.taylorfrancis.com/books/9781315738208
942 _cEBOOK
999 _c1837394
_d1837394